Người Mỹ tự hỏi : Vì sao người ta căm ghét nước Mỹ?

Sách tập hợp khá đầy đủ những mưu đồ, chính sách can thiệp của Mỹ và hậu quả của nó trong vòng 111 năm qua (từ 1890 - 2001), từ đó rút ra cái nhìn tổng quát nhất nhằm trả lời câu hỏi "vì sao người ta căm ghét nước Mỹ"...

Volledige beschrijving

Bewaard in:
Bibliografische gegevens
Hoofdauteur: Sardar, Ziauddin
Formaat: Boek
Taal:Undetermined
Gepubliceerd in: Hà Nội Thông tấn 2004
Onderwerpen:
Tags: Voeg label toe
Geen labels, Wees de eerste die dit record labelt!
Thư viện lưu trữ: Trung tâm Học liệu Trường Đại học Cần Thơ
LEADER 00969nam a2200217Ia 4500
001 CTU_64615
008 210402s9999 xx 000 0 und d
020 |b 35000 
082 |a 973 
082 |b S244 
100 |a Sardar, Ziauddin 
245 0 |a Người Mỹ tự hỏi : 
245 0 |b Vì sao người ta căm ghét nước Mỹ? 
245 0 |c Ziauddin Sardar , Merryl Wyn Davies ; Lê Tâm Hằng (dịch ) 
260 |a Hà Nội 
260 |b Thông tấn 
260 |c 2004 
520 |a Sách tập hợp khá đầy đủ những mưu đồ, chính sách can thiệp của Mỹ và hậu quả của nó trong vòng 111 năm qua (từ 1890 - 2001), từ đó rút ra cái nhìn tổng quát nhất nhằm trả lời câu hỏi "vì sao người ta căm ghét nước Mỹ" 
650 |a United states 
904 |i Minh 
980 |a Trung tâm Học liệu Trường Đại học Cần Thơ